000 00373nam a2200157Ia 4500
005 20250603145104.0
008 250603s9999 xx 000 0 und d
020 _a1- 4129- 4066- 4
050 _aHN18.3.C76
100 _aJames Crone
245 0 _aHow can we solve our social problems
260 _bPine forge press
260 _c2007
300 _a276 p
942 _cBK
999 _c40838
_d40838